Pediatri za zachovanie voľby poisťovne

Bibliographic Details
Main Author: Prcúchová, Kvetoslava (Author)
Format: Article
Language:Slovak
PhysicalDescription:Fotogr.
ISSN:1335-4477
Subjects:

MARC

LEADER 00000nab a2200000 a 4500
001 vtls008956062
003 SK-MaSNL
005 20260303070357.0
008 140303c2007 xo wrzp 0 0slo
015 |a SNBRB2007/03  |2 snkbucl 
040 |a SNKBUCL  |b slo  |c SNKBUCL  |e AACR2 
041 0 |a slo 
044 |a xo  |c SK 
080 |a 614.258:616-053.2  |x (437.6)  |2 1997 
080 |a 364.26  |2 1997 
100 1 |a Prcúchová, Kvetoslava  |4 aut  |9 840194 
245 1 0 |a Pediatri za zachovanie voľby poisťovne  |c Kvetoslava Prcúchová 
300 |a Fotogr. 
610 2 7 |a Asociácia všeobecných lekárov pre deti a dorast SR  |b Zhromaždenie  |d 2007  |2 snkbucl  |9 1067722 
650 0 7 |a zdravotné poistenie  |x deti  |2 snkbucl  |9 1067723 
773 0 |t Zdravotnícke noviny  |g Roč. XII, č. 9 (2007), s. 2  |x 1335-4477 
852 |a SNK  |b KIS3GCP 
958 |a MI 
958 |a SK 
999 |c 1755091  |d 1757021